<?xml version="1.0" encoding="UTF-8"?>
<record
    xmlns:xsi="http://www.w3.org/2001/XMLSchema-instance"
    xsi:schemaLocation="http://www.loc.gov/MARC21/slim http://www.loc.gov/standards/marcxml/schema/MARC21slim.xsd"
    xmlns="http://www.loc.gov/MARC21/slim">

  <leader>02113nam a22002777a 4500</leader>
  <controlfield tag="005">20260401094212.0</controlfield>
  <controlfield tag="008">260401b        |||||||| |||| 00| 0 eng d</controlfield>
  <datafield tag="020" ind1=" " ind2=" ">
    <subfield code="a">9789354661242</subfield>
  </datafield>
  <datafield tag="040" ind1=" " ind2=" ">
    <subfield code="c">AL</subfield>
  </datafield>
  <datafield tag="041" ind1=" " ind2=" ">
    <subfield code="a">English</subfield>
  </datafield>
  <datafield tag="082" ind1=" " ind2=" ">
    <subfield code="a">621.3822</subfield>
    <subfield code="b">KAND</subfield>
  </datafield>
  <datafield tag="100" ind1=" " ind2=" ">
    <subfield code="a">A Nagoor Kani</subfield>
    <subfield code="9">259942</subfield>
  </datafield>
  <datafield tag="245" ind1=" " ind2=" ">
    <subfield code="a">Discrete time signal processing</subfield>
  </datafield>
  <datafield tag="260" ind1=" " ind2=" ">
    <subfield code="a">New Delhi</subfield>
    <subfield code="b">CBS Publishers and Distributors Pvt Ltd</subfield>
    <subfield code="c">2024</subfield>
  </datafield>
  <datafield tag="300" ind1=" " ind2=" ">
    <subfield code="a">xix,648p.</subfield>
    <subfield code="b">PB</subfield>
    <subfield code="c">24x17cm.</subfield>
  </datafield>
  <datafield tag="365" ind1=" " ind2=" ">
    <subfield code="a">VBI-2645</subfield>
    <subfield code="b">&#x20B9;562.50</subfield>
    <subfield code="c">&#x20B9;</subfield>
    <subfield code="d">&#x20B9;750.00</subfield>
    <subfield code="e">25%</subfield>
    <subfield code="f">20-02-2026</subfield>
  </datafield>
  <datafield tag="520" ind1=" " ind2=" ">
    <subfield code="a">his book is organized into 5 chapters. The basic concepts of discrete time signals and systems and the computation of DFT and FFT are presented in first chapter. One chapter is devoted to each topic in discrete time signal processing like IIR filters, FIR filters, finite word length effects and digital signal processors. Considering the highly mathematical nature of this subject, more emphasis has been given to problem-solving methodology. Each chapter provides the foundations and practical implications with a large number of solved numerical examples for better understanding. Salient Features Clear explanation of concepts with appropriate diagrams. Additional explanations for solutions and proofs are provided in separate boxes. Different types of fonts for text, proof and solved problems for better understanding. Step-by-step presentation of proofs and solved problems. Important concepts are summarized at the end of each chapter for quick reference. MATLAB programming will be useful for laboratory and other projects. TMS320 series DSP assembly language programs will be useful for laboratory and other projects. MATLAB programs related to this book are available free on CBSiCentral App.</subfield>
  </datafield>
  <datafield tag="650" ind1=" " ind2=" ">
    <subfield code="a">Discrete Fourier Transform</subfield>
    <subfield code="9">259930</subfield>
  </datafield>
  <datafield tag="650" ind1=" " ind2=" ">
    <subfield code="a">Infinite Impulse Response (IIR) Filters</subfield>
    <subfield code="9">259931</subfield>
  </datafield>
  <datafield tag="650" ind1=" " ind2=" ">
    <subfield code="a">Finite Impulse Response (FIR) Filters</subfield>
    <subfield code="9">259932</subfield>
  </datafield>
  <datafield tag="650" ind1=" " ind2=" ">
    <subfield code="a">Finite Word Length Effects</subfield>
    <subfield code="9">259933</subfield>
  </datafield>
  <datafield tag="650" ind1=" " ind2=" ">
    <subfield code="a">Digital Signal Processors</subfield>
    <subfield code="9">259934</subfield>
  </datafield>
  <datafield tag="650" ind1=" " ind2=" ">
    <subfield code="a">For Anna University</subfield>
    <subfield code="9">259935</subfield>
  </datafield>
  <datafield tag="650" ind1=" " ind2=" ">
    <subfield code="a">ECE Course</subfield>
    <subfield code="9">259936</subfield>
  </datafield>
  <datafield tag="942" ind1=" " ind2=" ">
    <subfield code="2">ddc</subfield>
    <subfield code="c">BK</subfield>
  </datafield>
  <datafield tag="999" ind1=" " ind2=" ">
    <subfield code="c">241095</subfield>
    <subfield code="d">241095</subfield>
  </datafield>
  <datafield tag="952" ind1=" " ind2=" ">
    <subfield code="0">0</subfield>
    <subfield code="1">0</subfield>
    <subfield code="2">ddc</subfield>
    <subfield code="4">0</subfield>
    <subfield code="7">0</subfield>
    <subfield code="8">ECE </subfield>
    <subfield code="a">SE</subfield>
    <subfield code="b">SE</subfield>
    <subfield code="d">2026-03-24</subfield>
    <subfield code="e">Vidyarthi Books</subfield>
    <subfield code="g">562.50</subfield>
    <subfield code="l">0</subfield>
    <subfield code="o">621.3822 KAND</subfield>
    <subfield code="p">SE000367</subfield>
    <subfield code="r">2026-04-01 09:40:33</subfield>
    <subfield code="v">750.00</subfield>
    <subfield code="w">2026-02-20</subfield>
    <subfield code="y">BK</subfield>
  </datafield>
</record>
